Statistics for Canadian Provinces And Territories By Population

Click here to take the quiz!

General Stats

  • This quiz has been taken 28 times
  • The average score is 12 of 13

Answer Stats

PopAnswer% Correct
13,448,494Ontario
100%
8,164,361Quebec
100%
4,648,055British Columbia
100%
4,067,615Alberta
100%
1,278,685Manitoba
96%
519,716Newfoundland and Labrador
96%
142,907Prince Edward Island
93%
35,944Nunavut
93%
1,098,352Saskatchewan
89%
41,786Northwest Territories
89%
35,874Yukon
89%
923,958Nova Scotia
85%
747,101New Brunswick
85%

Score Distribution

Percentile by Number Answered

Percent of People with Each Score

Your Score History

You have not taken this quiz